Teaching calculation audit & test

Guardat en:
Dades bibliogràfiques
Autor principal: ENGLISH, Richard
Format: Llibre
Idioma:anglès
Publicat: SAGE 2013
Etiquetes: Afegir etiqueta
Sense etiquetes, Sigues el primer a etiquetar aquest registre!

MARC

LEADER 00000nam a22000007a 4500
008 210119b ||||| |||| 00| 0 eng d
020 |a 978-1-4462-7277-0 
100 |a ENGLISH, Richard. 
245 |a Teaching calculation  |b audit & test  |c Richard English  |e (Transforming primary QTS series)  |g vi, 88p.: ill 
260 |b SAGE  |c 2013  |h Thousand Oaks, California  |i 692563  |i 692564  |l QA139 .En3   |m Arithmetic – Study and teaching (Elementary) 
942 |a lcc  |c BK  |e O.A.JOHNSON  |f 12/01/21 
952 |0 0  |1 0  |2 lcc  |4 0  |6 QA0139 E N3  |7 0  |9 1204  |a ED  |b HOL  |c LP  |d 2021-01-19  |o QA139 .En3  |p 2021-0023  |r 2021-01-19 00:00:00  |w 2021-01-19  |y BK 
952 |0 0  |1 0  |2 lcc  |4 0  |6 QA0139 E N3  |7 0  |9 1205  |a HOL  |b HOL  |d 2021-01-19  |l 0  |o QA139 .En3  |p 2021-0024  |r 2021-01-19 00:00:00  |w 2021-01-19  |y BK 
999 |c 633  |d 633